Nano im Körper : Chancen, Risiken und gesellschaftlicher Dialog zur Nanotechnologie in Medizin, Ernährung und Kosmetik : Akademiensymposium : Deutsche Akademie der Naturforscher Leopoldina - Nationale Akademie der Wissenschaften, Acatech - Deutsche Akademie der Technikwissenschaften, Berlin-Brandenburgische Akademie der Wissenschaften (für die Union der deutschen Akademien der Wissenschaften) am 9. November 2010 in München /

Korporativní autor: Deutsche Akademie der Naturforscher Leopoldina
Další autoři: Nano im Körper, Heckl, Wolfgang M., 1958-, Deutsche Akademie der Technikwissenschaften, Berlin-Brandenburgische Akademie der Wissenschaften, Wissenschaftliche Verlagsgesellschaft
Jazyk: Němčina
Vydáno: Halle (Saale) : Stuttgart : Deutsche Akademie der Naturforscher Leopoldina - Nationale Akademie der Wissenschaften ;Wissenschaftliche Verlagsgesellschaft, 2012
Edice: Nova acta Leopoldina (Deutsche Akademie der Naturforscher Leopoldina)
Témata:
Fyzický popis: 143 s. : il. (převážně barev.), portréty ; 24 cm
Language note: Anglická a německá resumé
Knihy
Uloženo v:
LEADER 02600nam a2200457 a 4500
001 001392537
003 CZ BrMZK
005 20140806071905.0
007 ta
008 140605s2012 gw ac e 100 0 ger
020 |a 978-3-8047-3058-8  |q (brož.) 
040 |a BOA001  |b cze 
041 0 |a ger  |b eng  |b ger 
072 7 |a 60  |x Biotechnologie. Genetické inženýrství  |2 Konspekt  |9 2 
080 |a 62-022.532  |2 MRF 
080 |a 60-022.532  |2 MRF 
080 |a 614  |2 MRF 
080 |a 613.6:005.585  |2 MRF 
080 |a (062.534)  |2 MRF 
111 2 |a Nano im Körper  |d (2010 :  |c Mnichov, Německo) 
245 1 0 |a Nano im Körper :  |b Chancen, Risiken und gesellschaftlicher Dialog zur Nanotechnologie in Medizin, Ernährung und Kosmetik : Akademiensymposium : Deutsche Akademie der Naturforscher Leopoldina - Nationale Akademie der Wissenschaften, Acatech - Deutsche Akademie der Technikwissenschaften, Berlin-Brandenburgische Akademie der Wissenschaften (für die Union der deutschen Akademien der Wissenschaften) am 9. November 2010 in München /  |c herausgegeben von Wolfgang M. Heckl 
246 3 0 |a Chancen, Risiken und gesellschaftlicher Dialog zur Nanotechnologie in Medizin, Ernährung und Kosmetik 
260 |a Halle (Saale) :  |b Deutsche Akademie der Naturforscher Leopoldina - Nationale Akademie der Wissenschaften ;  |a Stuttgart :  |b Wissenschaftliche Verlagsgesellschaft,  |c 2012 
300 |a 143 s. :  |b il. (převážně barev.), portréty ;  |c 24 cm 
490 0 |a Nova acta Leopoldina. Abhandlungen der Deutschen Akademie der Naturforscher Leopoldina. Neue Folge,  |x 0369-5034 ;  |v Nr. 392, Bd. 114 
504 |a Obsahuje bibliografie a bibliografické odkazy 
546 |a Anglická a německá resumé 
650 0 7 |a nanotechnologie  |7 ph123164  |x zdravotní aspekty  |2 czenas 
650 0 7 |a nanobiotechnologie  |7 ph291271  |x zdravotní aspekty  |2 czenas 
650 0 7 |a hodnocení zdravotních rizik  |7 ph166234  |2 czenas 
655 7 |a sborníky konferencí  |7 fd133333  |2 czenas 
700 1 |a Heckl, Wolfgang M.,  |d 1958-  |7 jo2013773021  |4 edt 
710 2 |a Deutsche Akademie der Naturforscher Leopoldina  |7 ko2002152588 
710 2 |a Deutsche Akademie der Technikwissenschaften  |7 ntk2010575616 
710 2 |a Berlin-Brandenburgische Akademie der Wissenschaften  |7 ko2002148858 
710 2 |a Wissenschaftliche Verlagsgesellschaft  |7 ko2003163627 
830 0 |a Nova acta Leopoldina (Deutsche Akademie der Naturforscher Leopoldina)  |n Neue Folge 
910 |a BOA001  |b 2-1328.289 
990 |a BK 
991 |b 201408  |c NOV  |e n  |g g 
996 7 |b 2610593472  |c 2-1328.289  |l MZK  |r Sklad / do 1 hodiny  |n 0  |p dar  |w 001427598  |u 000010  |a 1  |e BOA001  |j MZK50  |s A